Java network programming /(E-BOOK) (Record no. 191520)

000 -LEADER
fixed length control field 00896 a2200265 4500
003 - CONTROL NUMBER IDENTIFIER
control field Nust
005 - DATE AND TIME OF LATEST TRANSACTION
control field 20170207154018.0
010 ## - LIBRARY OF CONGRESS CONTROL NUMBER
LC control number 2005279911
020 ## - INTERNATIONAL STANDARD BOOK NUMBER
International Standard Book Number 0596007213 (pbk.)
035 ## - SYSTEM CONTROL NUMBER
System control number (OCoLC)ocm56695983
040 ## - CATALOGING SOURCE
Transcribing agency Nust
082 00 - DEWEY DECIMAL CLASSIFICATION NUMBER
Classification number 005.2762
100 1# - MAIN ENTRY--PERSONAL NAME
Personal name Harold, Elliotte Rusty.
245 10 - TITLE STATEMENT
Title Java network programming /(E-BOOK)
Statement of responsibility, etc. Elliotte Rusty Harold.
250 ## - EDITION STATEMENT
Edition statement 3rd ed.
260 ## - PUBLICATION, DISTRIBUTION, ETC.
Place of publication, distribution, etc. Beijing ;
-- Sebastopol, Calif., :
Name of publisher, distributor, etc. O'Reilly,
Date of publication, distribution, etc. c2005.
300 ## - PHYSICAL DESCRIPTION
Extent xxii, 735 p. :
Other physical details ill. ;
Dimensions 24 cm.
500 ## - GENERAL NOTE
General note Includes index.
500 ## - GENERAL NOTE
General note Previous ed.: 2000.
650 #0 - SUBJECT ADDED ENTRY--TOPICAL TERM
Topical term or geographic name entry element Internet programming
650 #0 - SUBJECT ADDED ENTRY--TOPICAL TERM
Topical term or geographic name entry element Java (Computer program language)
651 ## - SUBJECT ADDED ENTRY--GEOGRAPHIC NAME
Geographic name Java network programming /(E-BOOK)
856 41 - ELECTRONIC LOCATION AND ACCESS
Materials specified Publisher description
Uniform Resource Identifier <a href="http://www.loc.gov/catdir/enhancements/fy0715/2005279911-d.html">http://www.loc.gov/catdir/enhancements/fy0715/2005279911-d.html</a>
856 41 - ELECTRONIC LOCATION AND ACCESS
Materials specified Table of contents only
Uniform Resource Identifier <a href="http://www.loc.gov/catdir/toc/fy0708/2005279911.html">http://www.loc.gov/catdir/toc/fy0708/2005279911.html</a>
942 ## - ADDED ENTRY ELEMENTS (KOHA)
Source of classification or shelving scheme
Koha item type Book
Holdings
Withdrawn status Lost status Source of classification or shelving scheme Damaged status Not for loan Collection code Permanent Location Current Location Date acquired Total Checkouts Full call number Barcode Date last seen Price effective from Koha item type
            Military College of Signals (MCS) Military College of Signals (MCS) 12/12/2016   005.2672 MCSEB-140 12/08/2016 12/12/2016 Book
            Military College of Signals (MCS) Military College of Signals (MCS) 12/12/2016   005.2672 MCSEB-265 12/08/2016 12/12/2016 Book
© 2023 Central Library, National University of Sciences and Technology. All Rights Reserved.